MARC

LEADER 00000nam0a2200000 4500
001 269579
005 20231101234252.0
035 |a (RuTPU)RU\TPU\book\292756 
090 |a 269579 
100 |a 20140919d1987 km y0rusy50 ca 
101 0 |a rus 
102 |a BY 
105 |a a z 001zy 
200 1 |a Финишная механическая обработка деталей из порошковых материалов  |f Е. Э. Фельдштейн, В. А. Николаев  
210 |a Минск  |c Вышэйшая школа  |d 1987 
215 |a 132 с.  |c ил. 
320 |a Библиогр.: с. 129-130 
606 1 |a Порошкообразные материалы  |2 stltpush  |3 (RuTPU)RU\TPU\subj\50867  |9 69497 
610 1 |a порошковые материалы 
610 1 |a детали 
610 1 |a обработка 
610 1 |a механическая обработка 
610 1 |a финишная обработка 
610 1 |a поверхностный слой 
610 1 |a формирование 
610 1 |a стружкообразование 
610 1 |a износ 
675 |a 621.762  |v 4 
700 1 |a Фельдштейн  |b Е. Э.  |g Евгений Эммануилович 
701 1 |a Николаев  |b В. А.  |g Александр Николаевич 
801 1 |a RU  |b 63413507  |c 20140919 
801 2 |a RU  |b 63413507  |c 20170301  |g RCR 
942 |c BK